<?xml version="1.0" encoding="UTF-8"?>
<marc:record xmlns:marc="http://www.loc.gov/MARC21/slim">
   <marc:leader>00000nam a2200000 a 4500</marc:leader>
   <marc:datafield ind1="1" ind2=" " tag="100">
      <marc:subfield code="a">Netenjakob, Moritz</marc:subfield>
      <marc:subfield code="4">aut</marc:subfield>
      <marc:subfield code="e">Verfasser/-in</marc:subfield>
   </marc:datafield>
   <marc:datafield ind1=" " ind2=" " tag="653">
      <marc:subfield code="a">Mann</marc:subfield>
   </marc:datafield>
   <marc:datafield ind1=" " ind2=" " tag="653">
      <marc:subfield code="a">Türkische Familie</marc:subfield>
   </marc:datafield>
   <marc:datafield ind1=" " ind2=" " tag="653">
      <marc:subfield code="a">Kulturkontakt</marc:subfield>
   </marc:datafield>
   <marc:datafield ind1=" " ind2=" " tag="653">
      <marc:subfield code="a">Fiktionale Darstellung</marc:subfield>
   </marc:datafield>
   <marc:datafield ind1=" " ind2=" " tag="653">
      <marc:subfield code="a">Belletristische Darstellung</marc:subfield>
   </marc:datafield>
   <marc:datafield ind1=" " ind2=" " tag="653">
      <marc:subfield code="a">Erzählende Literatur: Gegenwartsliteratur ab 1945</marc:subfield>
   </marc:datafield>
   <marc:datafield ind1="0" ind2="0" tag="245">
      <marc:subfield code="a">Der Boss</marc:subfield>
   </marc:datafield>
   <marc:datafield ind1="0" ind2="0" tag="245">
      <marc:subfield code="b">Roman</marc:subfield>
   </marc:datafield>
   <marc:datafield ind1="0" ind2="0" tag="245">
      <marc:subfield code="c">Netenjakob, Moritz</marc:subfield>
   </marc:datafield>
   <marc:datafield ind1=" " ind2="1" tag="264">
      <marc:subfield code="a">Köln</marc:subfield>
      <marc:subfield code="b">Kiepenheuer &amp; Witsch</marc:subfield>
      <marc:subfield code="c">2013</marc:subfield>
   </marc:datafield>
   <marc:datafield ind1="1" ind2=" " tag="490">
      <marc:subfield code="a">KiWi</marc:subfield>
      <marc:subfield code="v">1334</marc:subfield>
   </marc:datafield>
   <marc:datafield ind1=" " ind2=" " tag="250">
      <marc:subfield code="a">1. Aufl.</marc:subfield>
   </marc:datafield>
   <marc:datafield ind1="1" ind2=" " tag="520">
      <marc:subfield code="a">Angaben aus der Verlagsmeldung

Der Boss : Roman / von Moritz Netenjakob

»Saukomisch, aber nie respektlos, herzlich, romantisch und haarsträubend« Westfalen-Blatt
Daniel wurde von seinen 68er-Eltern zu extremer Toleranz gegenüber fremden Kulturen erzogen. Aber was tun, wenn einen die türkische Großfamilie seiner Traumfrau in den Wahnsinn treibt? Als Daniel und Aylin heiraten wollen, fangen die Probleme erst richtig an: Der fundamentalistische Onkel Abdullah wird kurzerhand in Daniels Wohnung einquartiert. Sein Ford Ka wird dreimal am Tag mit Tüll beladen, damit die 1000-Gäste-Hochzeit in einer Leverkusener Industriehalle romantisch wird. Seine Mutter lädt Aylins Eltern an Heiligabend ein - und spricht dann herrlich ungezwungen über Sex. Doch damit nicht genug, denn Tante Emine sagt weitere Desaster voraus - die stehen schließlich im Kaffeesatz.
Saukomische Situationen, Figuren zum Liebhaben und geniale Pointen am laufenden Band: Moritz Netenjakob erzählt so witzig und warmherzig vom deutsch-türkischen Kulturclash, dass man am Ende selbst eine türkische Familie haben möchte.
</marc:subfield>
   </marc:datafield>
   <marc:datafield ind1=" " ind2=" " tag="020">
      <marc:subfield code="a">9783462045444</marc:subfield>
      <marc:subfield code="9">9783462045444</marc:subfield>
   </marc:datafield>
   <marc:datafield ind1=" " ind2=" " tag="020">
      <marc:subfield code="a">346204544X</marc:subfield>
      <marc:subfield code="9">346204544X</marc:subfield>
   </marc:datafield>
   <marc:datafield ind1=" " ind2=" " tag="041">
      <marc:subfield code="a">ger</marc:subfield>
   </marc:datafield>
   <marc:datafield ind1=" " ind2=" " tag="300">
      <marc:subfield code="a">313 S.</marc:subfield>
   </marc:datafield>
</marc:record>
